00764nam a2200205 a 450000100100000000500170001000800410002702000130006804000250008108200170010624501610012326000420028430000210032665000420034765100510038965000480044065000290048865000220051765000190053900000837620260330121013.0090916s1998 dr 000 0 spa d z60578410 aDO-SdBNPbspacBNPHU a303.4bV943n03aLa voluntad de la nación :bpropuestas aprobadas en la primera etapa del diálogo nacional /cCordinadores Carlos Dore Cabral, Esther Hernández Medina. aSanto Domingo :bAlfa y Omega,c1998. a443 p. ;c29 cm. 4aCambio socialzRepública Dominicana 4aRepùblica DominicanaxPolítica Económica 4aPolítica culturalzRepública Dominicana 4aPolítica de desarrollo 0aEstado de derecho 0aMedio ambiente